Computing Fundamentals Page Maker /

Salvato in:
Dettagli Bibliografici
Autore principale: Davies, Jacqueline (Autore)
Natura: Libro
Lingua:inglese
Pubblicazione: Reading : Addison-Wesley Publishing Company, 1990
Tags: Aggiungi Tag
Nessun Tag, puoi essere il primo ad aggiungerne!!

MARC

LEADER 00000nam a22000003a 4500
001 stu21811
005 20150617225750.7
008 931111s1990----xxu-----------------eng-d
020 |a 0-201-19828-2 
040 |a STU  |b slo 
041 0 |a eng 
044 |a xxu 
080 |a 681.3 
100 1 |a Davies, Jacqueline  |4 aut 
245 1 |a Computing Fundamentals Page Maker /  |c [aut.]Davies,Jacqueline 
260 |a Reading :  |b Addison-Wesley Publishing Company,  |c 1990 
300 |a 147 s :  |b Obr.,index 
996 |b C92089  |c C*92089  |l CCIV  |s P  |a 0  |w stu21811_0001